000
00267nam a2200097Ia 4500
001
1145083
005
20250827010226.0
008
250824s9999 xx 000 0 und d
245
0
_a
BU YALNIZLIK BANA FAZLA BÖLÜŞELİM Mİ?"
_c
MURAT TAVLI
260
_b
DESTEK YAYINLARI
999
_c
1145083
_d
1145083